Diseño preliminar de una planta de tratamiento para las aguas residuales del Hospital México
Guardado en:
| Hovedforfatter: | |
|---|---|
| Format: | Bog |
| Udgivet: |
San José, C.R.
2003
|
| Fag: | |
| Tags: |
Tilføj Tag
Ingen Tags, Vær først til at tagge denne postø!
|
MARC
| LEADER | 00000nam a2200000Ia 4500 | ||
|---|---|---|---|
| 003 | 009027 | ||
| 005 | 20221231144151.0 | ||
| 008 | 140114s2003 cr a m 000 ||s d | ||
| 040 | |c cru CEDI | ||
| 090 | |a TFG 4588 | ||
| 100 | |a Odio Ibarra,Gabriel |9 7181 | ||
| 245 | |a Diseño preliminar de una planta de tratamiento para las aguas residuales del Hospital México | ||
| 260 | |c 2003 |a San José, C.R. | ||
| 300 | |a 110 [59] hojas : ilustraciones | ||
| 500 | |a Proyecto de graduación (licenciatura de Ingeniería Civil)--Universidad de Costa Rica. Facultad de Ingeniería. Escuela de Ingeniería Civil | ||
| 650 | |x HOSPITAL MEXICO (COSTA RICA) |x BIODEGRADACION DE AGUAS RESIDUALES |x AGUAS RESIDUALES |x DISPOSICION DE RESIDUOS |x EPOSITOS DE AGUAS RESIDUALES |x DISEÑO |x DISEÑO DE ESTRUCTURAS |x RESIDUOS DE HOSPITALES |x AIREACION |x EQUIPO Y ACCESORIOS |x PURIFICACION DE AGUAS RESIDUALES |9 7182 | ||
| 942 | |c TFG | ||
| 999 | |c 17857 |d 17857 | ||
